Catholic University of Zimbabwe Library
Online Public Access Catalogue
(OPAC)

Building a peace economy? (Record no. 24766)

MARC details
000 -LEADER
fixed length control field 02460cam a22004814a 4500
001 - CONTROL NUMBER
control field muse59551
003 - CONTROL NUMBER IDENTIFIER
control field MdBmJHUP
005 - DATE AND TIME OF LATEST TRANSACTION
control field 20210127151136.0
006 - FIXED-LENGTH DATA ELEMENTS--ADDITIONAL MATERIAL CHARACTERISTICS
fixed length control field m o d
007 - PHYSICAL DESCRIPTION FIXED FIELD--GENERAL INFORMATION
fixed length control field cr||||||||nn|n
008 - FIXED-LENGTH DATA ELEMENTS--GENERAL INFORMATION
fixed length control field 140721s2014 enk o 00 0 eng d
010 ## - LIBRARY OF CONGRESS CONTROL NUMBER
Canceled/invalid LC control number 2014415395
020 ## - INTERNATIONAL STANDARD BOOK NUMBER
International Standard Book Number 9781526102058
020 ## - INTERNATIONAL STANDARD BOOK NUMBER
International Standard Book Number 1526102056
020 ## - INTERNATIONAL STANDARD BOOK NUMBER
Canceled/invalid ISBN 9780719087301 (hardback)
020 ## - INTERNATIONAL STANDARD BOOK NUMBER
Canceled/invalid ISBN 0719087309 (hardback)
035 ## - SYSTEM CONTROL NUMBER
System control number (OCoLC)894476908
040 ## - CATALOGING SOURCE
Original cataloging agency MdBmJHUP
Transcribing agency MdBmJHUP
050 04 - LIBRARY OF CONGRESS CALL NUMBER
Classification number JZ5538
Item number .P48 2014
082 0# - DEWEY DECIMAL CLASSIFICATION NUMBER
Classification number 303.69
Edition number 23
100 1# - MAIN ENTRY--PERSONAL NAME
Personal name Peterson, Jenny H.,
Relator term author.
245 10 - TITLE STATEMENT
Title Building a peace economy?
Remainder of title Liberal peacebuilding and the development-security industry /
Statement of responsibility, etc. Jenny H. Peterson.
264 #1 - PRODUCTION, PUBLICATION, DISTRIBUTION, MANUFACTURE, AND COPYRIGHT NOTICE
Name of producer, publisher, distributor, manufacturer Manchester University Press,
264 #3 - PRODUCTION, PUBLICATION, DISTRIBUTION, MANUFACTURE, AND COPYRIGHT NOTICE
Name of producer, publisher, distributor, manufacturer Project MUSE,
300 ## - PHYSICAL DESCRIPTION
Extent 1 online resource (xi, 219 pages) :
Other physical details illustrations ;
490 0# - SERIES STATEMENT
Series statement New approaches to conflict analysis
504 ## - BIBLIOGRAPHY, ETC. NOTE
Bibliography, etc. note Includes bibliographical references (pages 189-214) and index.
505 0# - FORMATTED CONTENTS NOTE
Formatted contents note Introduction : war economies, peace economies and transformation -- War economy transformation : current policy options and issues -- Explaining the dynamics of transformation : the nature of the development-security industry -- Transforming a war economy : learning from the case of Kosovo -- Strengthening the rule of law : managing the criminal facets of war economies -- Privatisation : liberal reform and the creation of new conflict economies -- Customs reform : protecting borders, confirming statehood and transforming economies? -- The war economy transformation agenda : DSI approaches and behaviours.
506 0# - RESTRICTIONS ON ACCESS NOTE
Terms governing access Open Access
Standardized terminology for access restriction Unrestricted online access
Source of term star
520 ## - SUMMARY, ETC.
Summary, etc. "Offers a new framework of understanding both the problem of economic activity in conflict zones, and the programmes aimed at managing them."--Page 4 of cover.
588 ## - SOURCE OF DESCRIPTION NOTE
Source of description note Description based on print version record.
650 #0 - SUBJECT ADDED ENTRY--TOPICAL TERM
Topical term or geographic name entry element Conflict management
General subdivision Economic aspects.
650 #0 - SUBJECT ADDED ENTRY--TOPICAL TERM
Topical term or geographic name entry element Peace-building
General subdivision Economic aspects.
655 #7 - INDEX TERM--GENRE/FORM
Genre/form data or focus term Electronic books.
Source of term local
710 2# - ADDED ENTRY--CORPORATE NAME
Corporate name or jurisdiction name as entry element Project Muse.
Relator term distributor
830 #0 - SERIES ADDED ENTRY--UNIFORM TITLE
Uniform title New approaches to conflict analysis.
830 #0 - SERIES ADDED ENTRY--UNIFORM TITLE
Uniform title Book collections on Project MUSE.
856 40 - ELECTRONIC LOCATION AND ACCESS
Public note Full text available:
Uniform Resource Identifier <a href="https://muse.jhu.edu/book/51520/">https://muse.jhu.edu/book/51520/</a>
Holdings
Withdrawn status Lost status Source of classification or shelving scheme Damaged status Not for loan Home library Current library Shelving location Date acquired Total Checkouts Full call number Date last seen Uniform Resource Identifier Price effective from Koha item type
          Digital Library Digital Library Online Access 27.01.2021   JZ5538 .P48 2014 27.01.2021 https://muse.jhu.edu/book/51520/ 27.01.2021 eBook

OPENING HOURS

Weekdays: 0815hrs - 1800hrs
Weekends:0900hrs - 1200hrs

Closed for Mass:

Mon, Thur: 1200hrs - 1300hrs
Sunday & Public Holiday’s

CALL SUPPORT

0242-570570, 0242-570169
09200664, +263 8644140602

LOCATION

18443, Cranborne Avenue, Hatfield, Harare

Other Links


©2021 | CUZ Library